Tiere mit 3 Buchstaben - Bild Quiz - Statistiken

Allgemein
  • Dieses Quiz wurde 1.320 mal gespielt
  • Das Durchschnittsergebnis liegt bei 8 aus 9
Antwortstatistiken
Bildquiz Antwort % Korrekt
Bär
100%
Hai
99%
Kuh
99%
Reh
98%
Uhu
98%
Wal
97%
Yak
79%
Emu
76%
Kea
41%
Keine übereinstimmenden Quizze gefunden
Verteilung der Resultate
Anzahl Personen mit jedem Resultat
Perzentil nach korrekt beantworteten Fragen
Ihre Resultats-Entwicklung
Sie haben dieses Quiz noch nicht gespielt